Aromaticity of biphenylene networks; Physical Chemistry Chemical Physics; Vol. 26, iss. 39

Библиографические подробности
Источник:Physical Chemistry Chemical Physics.— .— London: Royal Society of Chemistry
Vol. 26, iss. 39.— 2024.— P. 25648-25654
Другие авторы: Valiulina L. I. Lenara, Valiev R. R. Rashid Rinatovich, Cherepanov V. N. Victor, Stepanova E. V. Elena Vladimirovna
Примечания:Title screen
Magnetically induced ring-currents and magnetic susceptibilities have been calculated for the series of biphenylene sheets and biphenylene nanoribbons with armchair and zigzag edges with hydrogen atoms, as well as with bromine and fluorine atoms. Calculations have been performed at the density functional level of theory. It has been shown that biphenylene sheets and nanoribbons are characterized by dominant paratropic ring current, resulting in antiaromatic character. The global electron delocalization in biphenylene networks favors the edges of molecular structures, passing through cyclobutadiene units avoiding the outer contour of benzene. Replacing the hydrogen atoms with bromine and fluorine atoms slightly reduces the global ring-current strength and increases the diamagnetic property. The B3LYP functional overestimates the paramagnetic contribution of magnetic susceptibility in large molecular structures, compared with the BHandHLYP functional, which is recommended for magnetic property calculations
Текстовый файл
AM_Agreement
Язык:английский
Опубликовано: 2024
Предметы:
Online-ссылка:https://doi.org/10.1039/D4CP03157A
Формат: MixedMaterials Электронный ресурс Статья
Запись в KOHA:https://koha.lib.tpu.ru/cgi-bin/koha/opac-detail.pl?biblionumber=678279

MARC

LEADER 00000naa0a2200000 4500
001 678279
005 20250123113845.0
090 |a 678279 
100 |a 20250122d2024 k||y0rusy50 ba 
101 0 |a eng 
102 |a GB 
135 |a drcn ---uucaa 
181 0 |a i   |b  e  
182 0 |a b 
183 0 |a cr  |2 RDAcarrier 
200 1 |a Aromaticity of biphenylene networks  |f Lenara I. Valiulina, R. Valiyev, Victor N. Cherepanova and Elena V. Stepanova 
203 |a Текст  |b визуальный  |c электронный 
283 |a online_resource  |2 RDAcarrier 
300 |a Title screen 
330 |a Magnetically induced ring-currents and magnetic susceptibilities have been calculated for the series of biphenylene sheets and biphenylene nanoribbons with armchair and zigzag edges with hydrogen atoms, as well as with bromine and fluorine atoms. Calculations have been performed at the density functional level of theory. It has been shown that biphenylene sheets and nanoribbons are characterized by dominant paratropic ring current, resulting in antiaromatic character. The global electron delocalization in biphenylene networks favors the edges of molecular structures, passing through cyclobutadiene units avoiding the outer contour of benzene. Replacing the hydrogen atoms with bromine and fluorine atoms slightly reduces the global ring-current strength and increases the diamagnetic property. The B3LYP functional overestimates the paramagnetic contribution of magnetic susceptibility in large molecular structures, compared with the BHandHLYP functional, which is recommended for magnetic property calculations  
336 |a Текстовый файл 
371 0 |a AM_Agreement 
461 1 |t Physical Chemistry Chemical Physics  |c London  |n Royal Society of Chemistry 
463 1 |t Vol. 26, iss. 39  |v P. 25648-25654  |d 2024 
610 1 |a электронный ресурс 
610 1 |a труды учёных ТПУ 
610 1 |a biphenylene sheets 
610 1 |a nanoribbons 
701 1 |a Valiulina  |b L. I.  |g Lenara 
701 1 |a Valiev  |b R. R.  |c chemist  |c Assistant of Tomsk Polytechnic University  |f 1983-  |g Rashid Rinatovich  |9 17654 
701 1 |a Cherepanov  |b V. N.  |g Victor 
701 1 |a Stepanova  |b E. V.  |c chemist  |c Associate Professor of Tomsk Polytechnic University, Candidate of Chemical Sciences  |f 1988-  |g Elena Vladimirovna  |9 17776 
801 0 |a RU  |b 63413507  |c 20250122 
850 |a 63413507 
856 4 |u https://doi.org/10.1039/D4CP03157A  |z https://doi.org/10.1039/D4CP03157A 
942 |c CF